000 00473nam a2200181Ia 4500
005 20250923144535.0
008 008 250917s9999 xx 000 0 eng d
037 _aTextual
040 _aDSWL
_beng
_cDSWL
041 _aeng
_2eng
084 _qDSWL
100 _aBriggs, G.W.
_9825911
245 0 _aChumurs
_cby G.W. Briggs
260 _aCalcutta
_bCalcutta Association Press
_c1920
300 _a270p.
942 _cTEXL
999 _c1440217
_d1440217